Egypt's long revolution : (Record no. 18549)
[ view plain ]
| 000 -LEADER | |
|---|---|
| fixed length control field | 01110cam a22003015a 4500 |
| 001 - CONTROL NUMBER | |
| control field | 016520583 |
| 003 - CONTROL NUMBER IDENTIFIER | |
| control field | OSt |
| 005 - DATE AND TIME OF LATEST TRANSACTION | |
| control field | 20160607120201.0 |
| 008 - FIXED-LENGTH DATA ELEMENTS--GENERAL INFORMATION | |
| fixed length control field | 130926s2015 enk frb 001 0 eng d |
| 020 ## - INTERNATIONAL STANDARD BOOK NUMBER | |
| International Standard Book Number | 9780415633048 (hbk.) |
| 020 ## - INTERNATIONAL STANDARD BOOK NUMBER | |
| Cancelled/invalid ISBN | 9781315762265 (ebook) |
| 040 ## - CATALOGING SOURCE | |
| Original cataloging agency | StDuBDS |
| Language of cataloging | eng |
| Transcribing agency | StDuBDS |
| Modifying agency | Uk |
| -- | EG-ScBUE |
| 043 ## - GEOGRAPHIC AREA CODE | |
| Geographic area code | f-ua--- |
| 082 04 - DEWEY DECIMAL CLASSIFICATION NUMBER | |
| Classification number | 320.96209055 |
| Edition number | 22 |
| Item number | ABD |
| 100 1# - MAIN ENTRY--PERSONAL NAME | |
| Personal name | Abdelrahman, Maha M. |
| 9 (RLIN) | 7927 |
| 245 10 - TITLE STATEMENT | |
| Title | Egypt's long revolution : |
| Remainder of title | protest movements and uprisings / |
| Statement of responsibility, etc | Maha Abdelrahman. |
| 260 ## - PUBLICATION, DISTRIBUTION, ETC. (IMPRINT) | |
| Place of publication, distribution, etc | Oxon ; |
| -- | New York : |
| Name of publisher, distributor, etc | Routledge, |
| Date of publication, distribution, etc | 2015. |
| 300 ## - PHYSICAL DESCRIPTION | |
| Extent | viii, 162 p. ; |
| Dimensions | 24 cm. |
| 490 0# - Series Statement | |
| Series statement | Routledge Studies in Middle Eastern Democratization and Government ; |
| Volume/sequential designation | 4 |
| 500 ## - GENERAL NOTE | |
| General note | Index : p. 154-162. |
| 504 ## - BIBLIOGRAPHY, ETC. NOTE | |
| Bibliography, etc | Bibliography : p. 143-153. |
| 650 #0 - SUBJECT ADDED ENTRY--TOPICAL TERM | |
| Topical term or geographic name as entry element | Protest movements |
| Geographic subdivision | Egypt |
| General subdivision | History |
| Chronological subdivision | 21st century |
| 9 (RLIN) | 36448 |
| Source of heading or term | BUEsh |
| 650 #0 - SUBJECT ADDED ENTRY--TOPICAL TERM | |
| Topical term or geographic name as entry element | Political activists |
| Geographic subdivision | Egypt |
| 9 (RLIN) | 36449 |
| Source of heading or term | BUEsh |
| 651 #0 - SUBJECT ADDED ENTRY--GEOGRAPHIC NAME | |
| Geographic name | Egypt |
| General subdivision | History |
| Chronological subdivision | Protests, 2011- |
| 9 (RLIN) | 36450 |
| Source of heading or term | BUEsh |
| 651 #0 - SUBJECT ADDED ENTRY--GEOGRAPHIC NAME | |
| Geographic name | Egypt |
| General subdivision | Politics and government |
| Chronological subdivision | 21st century |
| 9 (RLIN) | 36451 |
| Source of heading or term | BUEsh |
| 653 ## - INDEX TERM--UNCONTROLLED | |
| Resource For college | BAEPS, Political Science |
| Arrived date list | November2014 |
| 942 ## - ADDED ENTRY ELEMENTS (KOHA) | |
| Source of classification or shelving scheme | Dewey Decimal Classification |
| Call number prefix | 320.96209055 ABD |
| Withdrawn status | Item status | Source of classification or shelving scheme | Damaged status | Not for loan | Vendor | Home library | Current library | Shelving location | Date acquired | Source of acquisition | Total Checkouts | Total Renewals | Full call number | Barcode | Date last seen | Date last borrowed | Koha item type |
|---|---|---|---|---|---|---|---|---|---|---|---|---|---|---|---|---|---|
| Dewey Decimal Classification | Baccah | Central Library | Central Library | First floor | 04/11/2014 | Purchase | 6 | 10 | 320.96209055 ABD | 000036945 | 15/07/2025 | 11/11/2019 | Book - Borrowing |